Packet-Level DHCP [ Presented by Laura Cheppel

Bibliographic Details
Format: Book
Series:Laura Cheppell presents
Subjects:

MARC

LEADER 00000cam a2200000 7i4500
001 0000017623
005 20061130.0
040 |a INS 
090 0 0 |a Tk5105 
245 0 0 |a Packet-Level DHCP [  |h video recording] :   |b Presented by Laura Cheppel 
300 |a 1 Video cassette (VHS) (1:25) :   |b sd., col. ;   |c 1/2 in. 
440 0 |a Laura Cheppell presents 
650 0 0 |a PAcket switching (data transmission) 
999 |a VHS977   |b VIDEO   |c Media Collection   |e Default branch